000 01130nam a22003497a 4500
003 CHAP
005 20220329143550.0
008 100602s1999 mx r 00010 spa d
010 _a98589
011 _a99561
020 _a9688846481
035 _a110247
040 _cCHAP
090 _aFolleto 17706
100 0 0 _aTenorio, Raymundo Pablo.
_9112280
245 1 3 _aAhínco que nada en el agua de los ojos :
_b15 poemas de amor burgués
_c/por Raymundo Pablo Tenorio
260 _aChapingo, Méx. :
_bSTAUACH,
_c1999
300 _a[34] p.
490 0 _aStauach ave de paso
590 _aBATCH-UPD
_b10
_c20130110
_lUCH01
_h1849
590 _aBATCH-UPD
_b10
_c20130410
_lUCH01
_h1219
590 _aBATCH-UPD
_b10
_c20130914
_lUCH01
_h1727
590 _aCONVERSION
_b10
_c20130109
_lUCH01
_h1354
650 1 4 _aLiteratura mexicana.
_967138
650 1 4 _aPoesía mexicana.
_990146
830 0 _aStauach ave de paso
_9109534
901 _aBK
911 _aCustodia
942 _cFOLL
949 _aFolleto 17706
_bBC
_cFOLL
_d33724002178941
_eTS2
_fc.2
_i110247
_sb
949 _aFolleto 17706
_bBC
_cUACH
_d33724002178900
_eUACH
_i110247
_sb
999 _c98589
_d98589